Statistiche per Grandi della letteratura italiana

Clicka qui per fare il quiz!

Statistiche generali

  • Questo quiz è stato fatto 768 volte
    (233 dall'ultimo reset)
  • Il punteggio medio è 24 su 40

Statistiche sulle risposte

OperaAutore% Corretto
Divina CommediaDante Alighieri
99%
DecameronGiovanni Boccaccio
97%
I Promessi SposiAlessandro Manzoni
93%
Canzoniere (Rerum Vulgarium Fragmenta)Francesco Petrarca
88%
Se questo è un uomoPrimo Levi
88%
I MalavogliaGiovanni Verga
87%
Uno, nessuno e centomilaLuigi Pirandello
86%
Il PrincipeNiccolò Machiavelli
86%
Orlando FuriosoLudovico Ariosto
82%
Ultime lettere di Jacopo OrtisUgo Foscolo
80%
Il nome della rosaUmberto Eco
80%
La coscienza di ZenoItalo Svevo
78%
Il MilioneMarco Polo
78%
Gerusalemme LiberataTorquato Tasso
78%
La locandieraCarlo Goldoni
76%
Il barone rampanteItalo Calvino
76%
Il PiacereGabriele d'Annunzio
74%
Operette MoraliGiacomo Leopardi
74%
PinocchioCarlo Collodi
73%
Ossi di seppiaEugenio Montale
71%
MyricaeGiovanni Pascoli
70%
Dialogo sopra i due massimi sistemi del mondoGalileo Galilei
66%
CuoreEdmondo De Amicis
59%
Odi BarbareGiosuè Carducci
49%
Il giornoGiuseppe Parini
46%
La StoriaElsa Morante
45%
Allegria di naufragiGiuseppe Ungaretti
43%
Canne al ventoGrazia Deledda
42%
SaulVittorio Alfieri
41%
Inamoramento de OrlandoMatteo Maria Boiardo
40%
Il mestiere di vivereCesare Pavese
31%
MorganteLuigi Pulci
30%
Quer pasticciaccio brutto de via MerulanaCarlo Emilio Gadda
29%
AdoneGiambattista Marino
29%
GalateoGiovanni Della Casa
28%
Stanze per la giostraAngelo Poliziano
25%
Il Libro del CortegianoBaldassarre Castiglione
22%
La Secchia RapitaAlessandro Tassoni
20%
AsolaniPietro Bembo
19%
ArcadiaJacopo Sannazzaro
18%

Distribuzione punteggi

Percentile per numero di risposta

Percentuale di utenti per punteggio

I tuoi punteggi nel tempo

Non hai fatto questo quiz dall'ultimo reset